000 00504nam a22001697a 4500
999 _c8965
_d8965
008 210308b ||||| |||| 00| 0 eng d
040 _aBMS College of Architecture
100 _aL, S, Sridevi
245 _aCardiac hospital Mysore
300 _aNA
500 _a1BM08AT054
502 _8B.Arch
_NBMS College of Architecture, Visvesvaraya Technological University (VTU)
_aProject report
_d2013
650 _aMysore
700 _aVaseem A S
_eGuide
700 _aSathish S Rao
_eGuide
942 _2ddc
_cTHE